[Event "4NCL Division 1 & 2"]
[Site "Daventry, ENG"]
[Date "2022.05.02"]
[Round "9.61"]
[White "Ansell, Simon T"]
[Black "Kanyamarala, Tarun"]
[Result "1/2-1/2"]
[WhiteElo "2449"]
[BlackElo "2403"]
[PlyCount "126"]
[EventDate "2022.05.02"]
[WhiteTeam "Blackthorne"]
[BlackTeam "Gonzaga"]

1. d4 Nf6 2. Bf4 e6 3. e3 c5 4. c3 b6 5. Nd2 cxd4 6. exd4 Be7 7. Ngf3 O-O 8.
Bd3 Ba6 9. Bxa6 Nxa6 10. h3 Qc8 11. O-O Qb7 12. Qe2 Nc7 13. a4 Ncd5 14. Bh2 d6
15. Ne4 Nxe4 16. Qxe4 Rfc8 17. Rfe1 a6 18. Nd2 b5 19. axb5 axb5 20. Qd3 Ra6 21.
Rxa6 Qxa6 22. Bg3 Ra8 23. Nf1 Qa4 24. Qf3 Qa2 25. Ne3 Nxe3 26. fxe3 d5 27. e4
Rd8 28. Rf1 f6 29. Qg4 dxe4 30. Qxe4 Qd5 31. Qe2 b4 32. Re1 Kf7 33. Qd3 Rc8 34.
Bf2 bxc3 35. bxc3 h6 36. Re3 Bd6 37. Bg3 Bf8 38. Bf4 Qc4 39. Qe4 Qd5 40. Qd3
Rd8 41. Qe2 e5 42. Bg3 exd4 43. Rd3 Ra8 44. cxd4 Ra2 45. Qf3 Qxf3 46. gxf3 g5
47. d5 Bb4 48. Kf1 Rb2 49. Rd1 Bc3 50. Ra1 Be5 51. Ra7+ Kg6 52. Bxe5 fxe5 53.
Ra6+ Kf5 54. Rxh6 Rd2 55. d6 e4 56. fxe4+ Kxe4 57. Ke1 Rd5 58. h4 gxh4 59.
Rxh4+ Ke3 60. Rh6 Kd4 61. Ke2 Kc5 62. Kf3 Rxd6 63. Rxd6 Kxd6 1/2-1/2

[Event "4NCL Division 1 & 2"]
[Site "Daventry, ENG"]
[Date "2022.05.02"]
[Round "9.62"]
[White "Sarakauskas, Gediminas"]
[Black "Gormally, Daniel W"]
[Result "0-1"]
[WhiteElo "2425"]
[BlackElo "2471"]
[PlyCount "58"]
[EventDate "2022.05.02"]
[WhiteTeam "Gonzaga"]
[BlackTeam "Blackthorne"]

1. e4 c5 2. Nf3 d6 3. d4 cxd4 4. Nxd4 Nf6 5. Nc3 Nc6 6. Be2 e5 7. Nb3 Be7 8. g4
h6 9. h4 Be6 10. g5 hxg5 11. Bxg5 a5 12. Bb5 Kf8 13. Qd2 a4 14. Bxa4 Nxe4 15.
Nxe4 Rxa4 16. Ng3 Bxb3 17. cxb3 Rd4 18. Bxe7+ Nxe7 19. Qc2 Rdxh4 20. Rxh4 Rxh4
21. O-O-O Nc6 22. Kb1 g6 23. Ne4 Nd4 24. Qd3 Qd7 25. a3 Rf4 26. Ka2 Kg7 27. Nc3
Rxf2 28. Rh1 Qf5 29. Qe3 Rxb2+ 0-1

[Event "4NCL Division 1 & 2"]
[Site "Daventry, ENG"]
[Date "2022.05.02"]
[Round "9.64"]
[White "Delaney, Killian"]
[Black "Ledger, Andrew J"]
[Result "1-0"]
[WhiteElo "2296"]
[BlackElo "2388"]
[PlyCount "66"]
[EventDate "2022.05.02"]
[WhiteTeam "Gonzaga"]
[BlackTeam "Blackthorne"]

1. c4 c6 2. Nf3 d5 3. e3 Nf6 4. Nc3 e6 5. b3 Bd6 6. Bb2 O-O 7. Qc2 e5 8. cxd5
cxd5 9. Nb5 Nc6 10. Nxd6 Qxd6 11. Bb5 Nb4 12. Qc1 Bf5 13. Bxe5 Qb6 14. Nd4 Rac8
15. Qd1 Nd7 16. Bxg7 Nd3+ 17. Kf1 Rfe8 18. Nxf5 Qxb5 19. Kg1 Qc6 20. Bd4 Qg6
21. Nh4 Qg5 22. g3 Nf8 23. f4 Qh6 24. Qg4+ Ng6 25. f5 Re4 26. Qe2 Nxh4 27. gxh4
Qxh4 28. Qxd3 Rg4+ 29. Kf1 Qh3+ 30. Ke1 Rg2 31. Bc3 Rxc3 32. Qxc3 Qh4+ 33. Kd1
Qe4 1-0

[Event "4NCL Division 1 & 2"]
[Site "Daventry, ENG"]
[Date "2022.05.02"]
[Round "9.65"]
[White "Duncan, Chris R"]
[Black "Kanyamarala, Trisha"]
[Result "1/2-1/2"]
[WhiteElo "2273"]
[BlackElo "2198"]
[PlyCount "47"]
[EventDate "2022.05.02"]
[WhiteTeam "Blackthorne"]
[BlackTeam "Gonzaga"]

1. Nf3 d5 2. d4 Nf6 3. c4 e6 4. Nc3 Bb4 5. cxd5 exd5 6. Bg5 O-O 7. e3 h6 8. Bh4
Bf5 9. Qb3 Bxc3+ 10. bxc3 Nbd7 11. Be2 c5 12. O-O c4 13. Qxb7 Qb6 14. Qxb6 axb6
15. a4 Ra5 16. Bxf6 Nxf6 17. Ne5 Rc8 18. f3 Bc2 19. e4 Rxa4 20. exd5 b5 21.
Rxa4 Bxa4 22. d6 Nd5 23. Rc1 Rd8 24. Kf2 1/2-1/2

[Event "4NCL Division 1 & 2"]
[Site "Daventry, ENG"]
[Date "2022.05.02"]
[Round "9.66"]
[White "Freeman, Gordon"]
[Black "Ledger, Stephen C"]
[Result "1-0"]
[WhiteElo "2099"]
[BlackElo "2159"]
[PlyCount "60"]
[EventDate "2022.05.02"]
[WhiteTeam "Gonzaga"]
[BlackTeam "Blackthorne"]

1. Nf3 d5 2. d4 Nf6 3. c4 e6 4. g3 c6 5. Bg2 dxc4 6. O-O Nbd7 7. a4 Bb4 8. Qc2
O-O 9. Qxc4 a5 10. Nc3 Qe7 11. Bf4 Nb6 12. Qb3 Nbd5 13. Rac1 Bd7 14. Ne5 Rfd8
15. Ne4 Nxe4 16. Bxe4 Nxf4 17. gxf4 Be8 18. e3 f6 19. Nd3 Bf7 20. Qc2 Bg6 21.
Bxg6 hxg6 22. Kh1 Qd7 23. Rg1 Qd5+ 24. Rg2 Qh5 25. Rcg1 g5 26. fxg5 Bd6 27.
gxf6 Bxh2 28. Rxh2 Qf3+ 29. Rgg2 Rd5 30. Ne5 Rd7 1-0

[Event "4NCL Division 1 & 2"]
[Site "Daventry, ENG"]
[Date "2022.05.02"]
[Round "9.67"]
[White "Ledger, Dave J"]
[Black "Jackson, Carl"]
[Result "1-0"]
[WhiteElo "2216"]
[BlackElo "1968"]
[PlyCount "21"]
[EventDate "2022.05.02"]
[WhiteTeam "Blackthorne"]
[BlackTeam "Gonzaga"]

1. Nf3 b6 2. e4 Bb7 3. Nc3 e6 4. d4 Bb4 5. Bd3 Nf6 6. Qe2 O-O 7. e5 Nd5 8.
Bxh7+ Kxh7 9. Ng5+ Qxg5 10. Bxg5 Rh8 11. O-O-O 1-0

[Event "4NCL Division 1 & 2"]
[Site "Daventry, ENG"]
[Date "2022.05.02"]
[Round "9.68"]
[White "Venkatesan, Kavin"]
[Black "Varney, Zoe"]
[Result "1-0"]
[WhiteElo "2006"]
[BlackElo "2061"]
[PlyCount "106"]
[EventDate "2022.05.02"]
[WhiteTeam "Gonzaga"]
[BlackTeam "Blackthorne"]

1. d4 Nf6 2. c4 g6 3. Nc3 Bg7 4. e4 d6 5. f4 c5 6. d5 O-O 7. Nf3 e6 8. dxe6
fxe6 9. Bd3 Nc6 10. O-O b6 11. Qe1 Ba6 12. Ng5 Qd7 13. Qg3 Rae8 14. Be3 Nb4 15.
Be2 Nc2 16. e5 dxe5 17. Rad1 Qc7 18. fxe5 Nxe3 19. Qxe3 Nd7 20. Qh3 Rxf1+ 21.
Rxf1 h6 22. Nxe6 Qxe5 23. Nxg7 Qxg7 24. Bg4 Nf8 25. b3 Qd4+ 26. Kh1 h5 27. Bf3
Qf2 28. Bd5+ Kg7 29. Qf3 Qxf3 30. gxf3 Re3 31. Ne4 Re2 32. Rf2 Rxf2 33. Nxf2
Bc8 34. Ne4 Bd7 35. h4 Nh7 36. Kg2 Nf6 37. Kg3 Nxe4+ 38. fxe4 Kf6 39. Kf4 Bg4
40. e5+ Ke7 41. Be4 Kf7 42. Kg5 Ke6 43. Bxg6 Kxe5 44. Bxh5 Be6 45. Bg6 a6 46.
h5 b5 47. h6 Bg8 48. cxb5 axb5 49. Bb1 c4 50. bxc4 bxc4 51. Kg6 c3 52. Kg7 Bxa2
53. Bc2 Kd5 1-0

[Event "4NCL Division 1 & 2"]
[Site "Daventry, ENG"]
[Date "2022.05.02"]
[Round "9.71"]
[White "Cumming, Rhys"]
[Black "Claridge-Hansen, William"]
[Result "1/2-1/2"]
[WhiteElo "2373"]
[BlackElo "2318"]
[PlyCount "25"]
[EventDate "2022.05.02"]
[WhiteTeam "Sussex Martlets 1"]
[BlackTeam "Oxford 1"]

1. e4 c6 2. d4 d5 3. exd5 cxd5 4. Bf4 Nc6 5. Nf3 Bf5 6. c4 e6 7. Nc3 dxc4 8.
Bxc4 Bd6 9. Bxd6 Qxd6 10. O-O Nge7 11. d5 exd5 12. Bxd5 Rd8 13. Be4 1/2-1/2

[Event "4NCL Division 1 & 2"]
[Site "Daventry, ENG"]
[Date "2022.05.02"]
[Round "9.72"]
[White "Powierski, Emil"]
[Black "Kolani, Arjun"]
[Result "1-0"]
[WhiteElo "2312"]
[BlackElo "2113"]
[PlyCount "43"]
[EventDate "2022.05.02"]
[WhiteTeam "Oxford 1"]
[BlackTeam "Sussex Martlets 1"]

1. e4 e5 2. Nf3 Nc6 3. Bb5 a6 4. Ba4 Nf6 5. O-O b5 6. Bb3 Bc5 7. a4 Rb8 8. axb5
axb5 9. Nxe5 Nxe5 10. d4 Bxd4 11. Qxd4 d6 12. f4 Nc6 13. Qc3 Bb7 14. e5 Ne4 15.
Qe3 Ne7 16. Nc3 Nf5 17. Qd3 c5 18. Qxb5+ Qd7 19. Bxf7+ Ke7 20. Nd5+ Bxd5 21.
Qxd7+ Kxd7 22. Bxd5 1-0

[Event "4NCL Division 1 & 2"]
[Site "Daventry, ENG"]
[Date "2022.05.02"]
[Round "9.73"]
[White "Willson, Ollie"]
[Black "Mihov, Filip"]
[Result "0-1"]
[WhiteElo "2112"]
[BlackElo "2255"]
[PlyCount "50"]
[EventDate "2022.05.02"]
[WhiteTeam "Sussex Martlets 1"]
[BlackTeam "Oxford 1"]

1. d4 Nf6 2. c4 g6 3. Nc3 Bg7 4. e4 d6 5. Nf3 O-O 6. h3 e5 7. d5 Nh5 8. g3 Na6
9. Be3 f5 10. exf5 gxf5 11. Ng5 Nf6 12. Qd2 Nh5 13. Qc2 h6 14. h4 hxg5 15. hxg5
f4 16. Qd1 fxe3 17. Qxh5 exf2+ 18. Kd2 Rf5 19. Ne4 Nc5 20. Nf6+ Bxf6 21. Qh7+
Kf8 22. gxf6 Qxf6 23. Bh3 Ne4+ 24. Ke3 Ng5 25. Qxc7 Rf3+ 0-1

[Event "4NCL Division 1 & 2"]
[Site "Daventry, ENG"]
[Date "2022.05.02"]
[Round "9.74"]
[White "Hansen, Hans-Peter"]
[Black "Payne, Matthew J"]
[Result "1/2-1/2"]
[WhiteElo "2163"]
[BlackElo "2151"]
[PlyCount "85"]
[EventDate "2022.05.02"]
[WhiteTeam "Oxford 1"]
[BlackTeam "Sussex Martlets 1"]

1. c4 Nf6 2. Nc3 g6 3. g3 Bg7 4. Bg2 O-O 5. e4 d6 6. Nge2 c5 7. a3 Nc6 8. Rb1
Ne5 9. d3 Bg4 10. f4 Nf3+ 11. Kf2 Nd4 12. h3 Bxe2 13. Nxe2 e5 14. Nxd4 cxd4 15.
Rf1 a5 16. b3 Nd7 17. Kg1 a4 18. b4 b5 19. Bd2 Qb6 20. Kh2 Rfc8 21. Qe2 Qa6 22.
Rfc1 Nb6 23. Bf1 Nd7 24. h4 Re8 25. Qf3 Qb7 26. f5 gxf5 27. Qxf5 Re6 28. Qf3
Rf6 29. Qe2 Bh6 30. Bxh6 Rxh6 31. Bh3 Nf6 32. Bf5 bxc4 33. Qd2 Rh5 34. g4 Rxf5
35. gxf5 Kh8 36. Rxc4 d5 37. Qg5 Ng4+ 38. Qxg4 Rg8 39. Qf3 dxc4 40. dxc4 Qe7
41. Kh3 f6 42. c5 Qf7 43. Rd1 1/2-1/2

[Event "4NCL Division 1 & 2"]
[Site "Daventry, ENG"]
[Date "2022.05.02"]
[Round "9.75"]
[White "Grant, David J"]
[Black "Cole, James"]
[Result "1/2-1/2"]
[WhiteElo "2072"]
[BlackElo "2025"]
[PlyCount "129"]
[EventDate "2022.05.02"]
[WhiteTeam "Sussex Martlets 1"]
[BlackTeam "Oxford 1"]

1. e4 c6 2. Nc3 d5 3. Nf3 Bg4 4. h3 Bxf3 5. Qxf3 e6 6. d4 dxe4 7. Qxe4 Nf6 8.
Qd3 Be7 9. g3 Nbd7 10. Bg2 O-O 11. O-O Qc7 12. Re1 Rfd8 13. Bf4 Bd6 14. Bd2 a6
15. Rad1 h6 16. Bc1 Nf8 17. Ne4 Nxe4 18. Qxe4 Rd7 19. a3 Rad8 20. Rd3 Be7 21.
Red1 Bf6 22. b4 a5 23. Bf4 Qb6 24. bxa5 Qxa5 25. c4 Ng6 26. Be3 Qa4 27. d5 Ne5
28. Rd4 c5 29. R4d2 Qxc4 30. dxe6 Rxd2 31. exf7+ Kxf7 32. Rxd2 Qxe4 33. Bxe4
Rxd2 34. Bxd2 b6 35. f4 Nd7 36. Kf2 Ke6 37. Ke3 Bb2 38. a4 Kd6 39. Kd3 Nf6 40.
Bf3 Nd5 41. Kc4 Nc7 42. Be3 Ba1 43. h4 Ne6 44. g4 Bf6 45. g5 hxg5 46. hxg5 Bd8
47. Be4 Nc7 48. Bc1 Ne6 49. Bd2 Be7 50. Bd5 Nd4 51. Bc3 Bd8 52. Bxd4 cxd4 53.
Kxd4 Bc7 54. f5 Ke7 55. Ke4 Bd6 56. Bb3 Bc5 57. Kf4 Kf8 58. Kg4 Bd4 59. Kh5 Bc3
60. Kg6 Bd4 61. Kh7 Bc3 62. Bc2 Bd4 63. f6 gxf6 64. g6 f5 65. Bxf5 1/2-1/2

[Event "4NCL Division 1 & 2"]
[Site "Daventry, ENG"]
[Date "2022.05.02"]
[Round "9.76"]
[White "Arora, Tashika"]
[Black "Graham, David B"]
[Result "1/2-1/2"]
[WhiteElo "1986"]
[BlackElo "2115"]
[PlyCount "82"]
[EventDate "2022.05.02"]
[WhiteTeam "Oxford 1"]
[BlackTeam "Sussex Martlets 1"]

1. d4 Nf6 2. c4 g6 3. g3 Bg7 4. Bg2 d6 5. Nf3 O-O 6. O-O Nc6 7. Nc3 Bg4 8. h3
Bxf3 9. Bxf3 Nd7 10. Be3 e5 11. d5 Ne7 12. Ne4 Nf5 13. Qd2 Nxe3 14. Qxe3 h6 15.
Bg2 f5 16. Nc3 a5 17. Rac1 Nc5 18. Qd2 Kh7 19. e4 f4 20. Bf3 fxg3 21. fxg3 h5
22. Qg2 Bh6 23. Rcd1 Qg5 24. Kh1 a4 25. Rfe1 Rf7 26. h4 Qe7 27. Rf1 Raf8 28.
Qe2 Qd7 29. Kh2 Kg7 30. Rf2 Rf6 31. Rdf1 Qf7 32. Kg2 g5 33. hxg5 Bxg5 34. Bxh5
Rxf2+ 35. Rxf2 Qxf2+ 36. Qxf2 Rxf2+ 37. Kxf2 Nd3+ 38. Kf1 Nxb2 39. Be2 c6 40.
a3 Kf6 41. Nd1 Nxd1 1/2-1/2

[Event "4NCL Division 1 & 2"]
[Site "Daventry, ENG"]
[Date "2022.05.02"]
[Round "9.77"]
[White "Blake, J Morgan"]
[Black "Wilson, Edgar"]
[Result "1-0"]
[WhiteElo "2113"]
[BlackElo "1998"]
[PlyCount "73"]
[EventDate "2022.05.02"]
[WhiteTeam "Sussex Martlets 1"]
[BlackTeam "Oxford 1"]

1. e4 e6 2. d4 d5 3. Nd2 Nf6 4. e5 Nfd7 5. Bd3 c5 6. c3 Nc6 7. Ndf3 cxd4 8.
cxd4 Qb6 9. Bc2 Bb4+ 10. Kf1 f6 11. exf6 Nxf6 12. Nh3 O-O 13. Nhg5 Be7 14. h4
Bd7 15. Be3 h6 16. Ne5 Nb4 17. Bg6 Be8 18. Qb1 Bxg6 19. Qxg6 Qb5+ 20. Kg1 Qe8
21. Nxe6 Qxg6 22. Nxg6 Rf7 23. Ne5 Bd6 24. Nxf7 Kxf7 25. Nc5 b6 26. Na4 Ng4 27.
Rh3 Re8 28. Nc3 Nc2 29. Rc1 Ncxe3 30. fxe3 Nxe3 31. Rf3+ Kg6 32. Re1 Bh2+ 33.
Kh1 Re4 34. Nxe4 dxe4 35. Kxh2 exf3 36. Rxe3 f2 37. Rf3 1-0

[Event "4NCL Division 1 & 2"]
[Site "Daventry, ENG"]
[Date "2022.05.02"]
[Round "9.78"]
[White "Finn, Christopher"]
[Black "Graham, Cassie M"]
[Result "1/2-1/2"]
[WhiteElo "1898"]
[BlackElo "1976"]
[PlyCount "101"]
[EventDate "2022.05.02"]
[WhiteTeam "Oxford 1"]
[BlackTeam "Sussex Martlets 1"]

1. d4 Nf6 2. Nf3 g6 3. e3 Bg7 4. Bd3 d6 5. Nbd2 O-O 6. O-O Nbd7 7. c4 e5 8. b3
Re8 9. Qc2 Qe7 10. dxe5 Nxe5 11. Nxe5 dxe5 12. e4 Nh5 13. g3 a5 14. a4 Bd7 15.
Be2 Nf6 16. Ba3 Qd8 17. Rfd1 Qc8 18. Nf1 Bc6 19. Bf3 Bd7 20. Ne3 c6 21. Rd3 Be6
22. c5 Kh8 23. Nc4 Bxc4 24. Qxc4 Qe6 25. Qxe6 Rxe6 26. Rad1 Bf8 27. g4 g5 28.
Bc1 Bxc5 29. Bxg5 Bd4 30. Bxf6+ Rxf6 31. R1d2 Rf4 32. h3 Rg8 33. Kf1 Rg6 34.
Bg2 Rgf6 35. f3 Rxe4 36. Re2 Rxe2 37. Kxe2 c5 38. Rd2 Rb6 39. Rd3 Rb4 40. f4
exf4 41. Bd5 f6 42. Kf3 b5 43. axb5 Rxb5 44. Kxf4 Rb8 45. g5 Rf8 46. Rf3 fxg5+
47. Kxg5 Rxf3 48. Bxf3 Kg7 49. Kf5 Bc3 50. Ke4 Bb4 51. Kd5 1/2-1/2

[Event "4NCL Division 1 & 2"]
[Site "Daventry, ENG"]
[Date "2022.05.02"]
[Round "9.82"]
[White "Rocco, Federico"]
[Black "Granat, Russell G"]
[Result "1/2-1/2"]
[WhiteElo "2202"]
[BlackElo "2168"]
[PlyCount "153"]
[EventDate "2022.05.02"]
[WhiteTeam "Barnet Knights A"]
[BlackTeam "Guildford Castles"]

1. e4 e5 2. Nf3 Nc6 3. Bb5 a6 4. Ba4 Nf6 5. O-O Be7 6. Re1 b5 7. Bb3 O-O 8. a4
Bb7 9. Nc3 b4 10. Nd5 Na5 11. d4 Nxb3 12. Nxe7+ Qxe7 13. cxb3 Nxe4 14. Nxe5 Qh4
15. Qc2 Rac8 16. Be3 Nf6 17. f3 Nd5 18. Bf2 Qd8 19. Rac1 d6 20. Nd3 Qd7 21. a5
Qb5 22. Ra1 Rfe8 23. Rec1 Ne3 24. Qd2 Qg5 25. Bg3 Qd5 26. Nxb4 Qb5 27. Nd3 Qxb3
28. Nf4 Nd5 29. Nd3 Re6 30. Bf2 h6 31. Ra3 Qb5 32. Qc2 Qd7 33. Rb3 c6 34. Qd2
Rce8 35. Nf4 Nxf4 36. Qxf4 c5 37. dxc5 dxc5 38. Rbc3 Qb5 39. Rxc5 Qxb2 40. Rc7
R8e7 41. Rxe7 Rxe7 42. Rd1 Qb5 43. Bd4 Qg5 44. Qxg5 hxg5 45. Bc5 Re5 46. Rd8+
Kh7 47. Bb6 Bc6 48. Kf2 Rd5 49. Rc8 Bb5 50. Rc7 Rd2+ 51. Ke3 Re2+ 52. Kd4 Kg6
53. Rb7 Rxg2 54. Bc7 Rd2+ 55. Ke3 Rd3+ 56. Kf2 Rxf3+ 57. Kxf3 Bc6+ 58. Kf2 Bxb7
59. Bb6 Kh5 60. Bc7 Kg4 61. Be5 g6 62. Bf6 Kf5 63. Bd8 Kg4 64. Bf6 Bc6 65. Kg1
Kf5 66. Bd8 g4 67. Kf2 g5 68. Kg3 Ba4 69. Bb6 Bd1 70. Bc7 Kg6 71. Kf2 f5 72.
Bb8 Kh5 73. Bc7 Kh4 74. Bd8 f4 75. Be7 Ba4 76. Bd8 Bc6 77. Be7 1/2-1/2

[Event "4NCL Division 1 & 2"]
[Site "Daventry, ENG"]
[Date "2022.05.02"]
[Round "9.83"]
[White "Golding, James"]
[Black "Stoica, Savas Marin"]
[Result "1/2-1/2"]
[WhiteElo "2084"]
[BlackElo "2159"]
[PlyCount "60"]
[EventDate "2022.05.02"]
[WhiteTeam "Guildford Castles"]
[BlackTeam "Barnet Knights A"]

1. d4 Nf6 2. c4 g6 3. Nf3 Bg7 4. e3 O-O 5. Be2 c5 6. O-O d5 7. Nc3 cxd4 8. exd4
Nc6 9. Be3 Bf5 10. c5 b6 11. Qa4 Bd7 12. Bb5 Qc7 13. Qa3 e6 14. Rac1 Ne4 15.
Na4 Qb7 16. Qb3 bxc5 17. Nxc5 Nxc5 18. Rxc5 Rfb8 19. Bxc6 Bxc6 20. Qc2 Be8 21.
b3 Bf8 22. Rc7 Rc8 23. Rc1 Rxc7 24. Qxc7 Qxc7 25. Rxc7 Bd6 26. Rc2 f6 27. Ne1
Bd7 28. Nd3 Rc8 29. Rxc8+ Bxc8 30. Bf4 Ba6 1/2-1/2

[Event "4NCL Division 1 & 2"]
[Site "Daventry, ENG"]
[Date "2022.05.02"]
[Round "9.84"]
[White "Smith, Andrew Philip"]
[Black "Punnett, Alan K"]
[Result "1/2-1/2"]
[WhiteElo "2223"]
[BlackElo "2033"]
[PlyCount "39"]
[EventDate "2022.05.02"]
[WhiteTeam "Barnet Knights A"]
[BlackTeam "Guildford Castles"]

1. Nf3 Nf6 2. b3 d6 3. d4 g6 4. Bb2 Bg7 5. Nbd2 O-O 6. e4 c5 7. dxc5 dxc5 8.
Bd3 Nc6 9. O-O a6 10. Re1 Qc7 11. h3 Rd8 12. e5 Nd5 13. Qc1 Bh6 14. Bf1 Nf4 15.
Kh1 Ne6 16. c4 Ncd4 17. Qc3 Nxf3 18. Nxf3 Bd7 19. Bd3 Bc6 20. Be4 1/2-1/2

[Event "4NCL Division 1 & 2"]
[Site "Daventry, ENG"]
[Date "2022.05.02"]
[Round "9.85"]
[White "Shepley, Julien M"]
[Black "Josse, Mark"]
[Result "0-1"]
[WhiteElo "1969"]
[BlackElo "2221"]
[PlyCount "154"]
[EventDate "2022.05.02"]
[WhiteTeam "Guildford Castles"]
[BlackTeam "Barnet Knights A"]

1. e4 c5 2. Nc3 Nc6 3. Bb5 Nd4 4. Nf3 e6 5. O-O a6 6. Bd3 Nc6 7. Re1 d6 8. Rb1
g5 9. Kh1 h5 10. Bf1 g4 11. Ng1 Bh6 12. d3 Qf6 13. Bxh6 Nxh6 14. Qd2 h4 15. Nd1
Bd7 16. c3 Ke7 17. Ne3 Rag8 18. Nd5+ exd5 19. exd5+ Kf8 20. dxc6 Bxc6 21. d4
cxd4 22. Qxd4 Qxd4 23. cxd4 Nf5 24. Rbd1 Bd5 25. b3 h3 26. Ne2 hxg2+ 27. Bxg2
Bxg2+ 28. Kxg2 Nh4+ 29. Kg3 Nf3 30. Rh1 Rh3+ 31. Kf4 Ke7 32. Ng3 d5 33. Rc1 Kd6
34. Nf5+ Ke6 35. Rc7 Rg5 36. Ne3 Rg8 37. Rxb7 Nxd4 38. Rb6+ Kd7 39. Nxd5 Rf3+
40. Ke4 Nc6 41. Rb7+ Kd8 42. Ne3 Re8+ 43. Kd3 Kc8 44. Rb6 Kc7 45. Rxc6+ Kxc6
46. Rc1+ Kb7 47. Rc2 f5 48. Kd4 Rh8 49. Nc4 Rxh2 50. Nd6+ Kb8 51. Rc8+ Ka7 52.
Rf8 Rhxf2 53. Kc5 Rc2+ 54. Nc4 Kb7 55. Rf7+ Kc8 56. Kb6 Rxc4 57. bxc4 g3 58. c5
Rf2 59. c6 Rb2+ 60. Kc5 g2 61. Rg7 f4 62. Rg8+ Kc7 63. Rg7+ Kc8 64. Rg8+ Kc7
65. Rg7+ Kd8 66. Rg8+ Ke7 67. c7 Rc2+ 68. Kb6 f3 69. Kb7 a5 70. a4 Kd7 71. Rg7+
Kd6 72. Rg6+ Kd5 73. c8=Q Rxc8 74. Kxc8 f2 75. Rxg2 f1=Q 76. Rg5+ Kc6 77. Rg6+
Kc5 0-1

[Event "4NCL Division 1 & 2"]
[Site "Daventry, ENG"]
[Date "2022.05.02"]
[Round "9.86"]
[White "Willmoth, Robert F"]
[Black "Stimpson, Philip M"]
[Result "1-0"]
[WhiteElo "2106"]
[BlackElo "1946"]
[PlyCount "116"]
[EventDate "2022.05.02"]
[WhiteTeam "Barnet Knights A"]
[BlackTeam "Guildford Castles"]

1. d4 d5 2. Nf3 Nf6 3. b3 c6 4. Bb2 Bf5 5. Nbd2 h6 6. g3 e6 7. Bg2 Nbd7 8. O-O
Be7 9. Ne5 Nxe5 10. dxe5 Nd7 11. e4 dxe4 12. Nxe4 Bxe4 13. Bxe4 Nc5 14. Bg2
Qxd1 15. Raxd1 Rd8 16. f4 O-O 17. Ba3 Rfe8 18. Bf3 g6 19. Kg2 Kf8 20. Bb2 Na6
21. a3 Rxd1 22. Rxd1 Rd8 23. b4 Rxd1 24. Bxd1 Nc7 25. Bf3 h5 26. c4 a6 27. Kf2
Ke8 28. Ke3 Kd7 29. h3 Kc8 30. Kd3 Kd7 31. Bc3 Kc8 32. Kc2 Kd7 33. Kb3 Kc8 34.
Bd4 Kd7 35. Be4 Bf8 36. Ba7 Be7 37. a4 Bf8 38. Bf2 Bh6 39. Be3 Bf8 40. Bf3 Be7
41. b5 axb5 42. cxb5 Nd5 43. bxc6+ Kxc6 44. Kc4 b6 45. g4 hxg4 46. hxg4 Bh4 47.
Bd4 Bg3 48. f5 g5 49. Be4 Bf4 50. f6 Bc1 51. Bxb6 Kxb6 52. Bxd5 exd5+ 53. Kxd5
Kc7 54. e6 fxe6+ 55. Kxe6 Kd8 56. f7 Ba3 57. a5 Kc7 58. Kf6 Bf8 1-0

[Event "4NCL Division 1 & 2"]
[Site "Daventry, ENG"]
[Date "2022.05.02"]
[Round "9.87"]
[White "Tarling, Ray"]
[Black "Pollack, Oscar"]
[Result "0-1"]
[WhiteElo "1929"]
[BlackElo "2149"]
[PlyCount "56"]
[EventDate "2022.05.02"]
[WhiteTeam "Guildford Castles"]
[BlackTeam "Barnet Knights A"]

1. e4 e6 2. d4 d5 3. exd5 exd5 4. c4 Nf6 5. Nc3 Nc6 6. Nf3 Bg4 7. Be2 dxc4 8.
h3 Be6 9. Ng5 Qxd4 10. Nxe6 fxe6 11. O-O O-O-O 12. Qa4 Nd5 13. Nb5 Qe5 14. Bxc4
a6 15. Bxd5 exd5 16. Nc3 d4 17. Nb1 Bd6 18. f4 Qe2 19. Nd2 d3 20. Qe4 Rhe8 21.
Qxh7 Bc5+ 22. Kh1 Be3 23. Qf5+ Kb8 24. Qg4 Bxd2 25. Bxd2 Qxd2 26. Rad1 Qe2 27.
Qg5 d2 28. a3 Qxd1 0-1

[Event "4NCL Division 1 & 2"]
[Site "Daventry, ENG"]
[Date "2022.05.02"]
[Round "9.88"]
[White "Ethelontis, Alexandros N"]
[Black "Tarling, Adam"]
[Result "1-0"]
[WhiteElo "2063"]
[BlackElo "1710"]
[PlyCount "49"]
[EventDate "2022.05.02"]
[WhiteTeam "Barnet Knights A"]
[BlackTeam "Guildford Castles"]

1. Nf3 Nf6 2. c4 e6 3. g3 d5 4. Bg2 Be7 5. O-O O-O 6. b3 b6 7. Bb2 Bb7 8. e3
Nbd7 9. Nc3 Rc8 10. Qe2 c5 11. Rad1 a6 12. cxd5 Nxd5 13. e4 Nb4 14. d4 Qc7 15.
d5 exd5 16. Nxd5 Nxd5 17. exd5 Bd6 18. Ng5 h6 19. Ne4 Rfe8 20. Qg4 Be5 21. Bc1
Kf8 22. Be3 Nf6 23. Nxf6 Bxf6 24. d6 Qb8 25. Bxb7 1-0

[Event "4NCL Division 1 & 2"]
[Site "Daventry, ENG"]
[Date "2022.05.02"]
[Round "9.91"]
[White "Kanellopoulos, Panayotis"]
[Black "Taylor, Adam A"]
[Result "1/2-1/2"]
[WhiteElo "2254"]
[BlackElo "2275"]
[PlyCount "111"]
[EventDate "2022.05.02"]
[WhiteTeam "Anglian Avengers"]
[BlackTeam "North East England"]

1. c4 c5 2. g3 Nc6 3. Bg2 g6 4. Nc3 Bg7 5. Nf3 e6 6. d4 cxd4 7. Nb5 d5 8. cxd5
exd5 9. O-O Nge7 10. Nbxd4 O-O 11. Be3 Re8 12. Re1 Bd7 13. Qd2 a6 14. Rad1 Qc7
15. b3 Rad8 16. Rc1 Qd6 17. Nxc6 Bxc6 18. Bc5 Qf6 19. Bd4 Qd6 20. Bxg7 Kxg7 21.
Nd4 Bd7 22. Red1 Rc8 23. Nc2 Qf6 24. Ne3 Rxc1 25. Rxc1 Bc6 26. Ng4 Qe6 27. Qd4+
f6 28. Ne3 Nf5 29. Nxf5+ Qxf5 30. e3 Re7 31. h4 Qe5 32. Qd2 Rd7 33. Rd1 Qe7 34.
Qb2 Qe5 35. Rd4 Qf5 36. Qd2 Qe6 37. Bf3 Qf7 38. Bg4 Re7 39. Bf3 Rd7 40. a4 Kh8
41. a5 Kg7 42. Kg2 Kf8 43. Qc3 Qe7 44. b4 Kg7 45. Qd2 Qf7 46. Kg1 Kf8 47. Qc3
Qe7 48. g4 Kg7 49. Qd2 Qf7 50. Rf4 Qe7 51. Rd4 Qf7 52. Qc3 Qe7 53. Kg2 Qe6 54.
g5 Qe5 55. gxf6+ Qxf6 56. Qc5 1/2-1/2

[Event "4NCL Division 1 & 2"]
[Site "Daventry, ENG"]
[Date "2022.05.02"]
[Round "9.92"]
[White "Coathup, Roger H"]
[Black "Lewis, Andrew P"]
[Result "0-1"]
[WhiteElo "2180"]
[BlackElo "2255"]
[PlyCount "70"]
[EventDate "2022.05.02"]
[WhiteTeam "North East England"]
[BlackTeam "Anglian Avengers"]

1. c4 c5 2. Nf3 g6 3. e3 Nf6 4. Nc3 Bg7 5. d4 O-O 6. Be2 d6 7. O-O cxd4 8. Nxd4
Nc6 9. b3 Nxd4 10. exd4 Bd7 11. Bb2 a6 12. b4 Rc8 13. Qb3 Bg4 14. Bd3 Be6 15.
d5 Bd7 16. h3 Re8 17. Rac1 Rc7 18. Ne2 Qc8 19. Bd4 b5 20. c5 dxc5 21. bxc5 Bf5
22. Rfd1 Bxd3 23. Rxd3 Qf5 24. Be3 Nd7 25. Ng3 Qf6 26. Ne4 Qh4 27. Nd2 Ne5 28.
Rd4 Qh5 29. Bf4 Rcc8 30. g4 Nxg4 31. Re4 Nh6 32. c6 Nf5 33. c7 Bh6 34. Qa3 Bxf4
35. Rxf4 Qg5+ 0-1

[Event "4NCL Division 1 & 2"]
[Site "Daventry, ENG"]
[Date "2022.05.02"]
[Round "9.93"]
[White "Walker, Martin G"]
[Black "Oswald, Graeme"]
[Result "0-1"]
[WhiteElo "2245"]
[BlackElo "2164"]
[PlyCount "48"]
[EventDate "2022.05.02"]
[WhiteTeam "Anglian Avengers"]
[BlackTeam "North East England"]

1. Nf3 c5 2. g3 g6 3. Bg2 Bg7 4. O-O Nc6 5. c4 Nh6 6. e4 O-O 7. d3 f5 8. Nc3 d6
9. h3 e5 10. Kh2 f4 11. Bd2 g5 12. g4 Nxg4+ 13. hxg4 Bxg4 14. Bh3 Bxh3 15. Kxh3
h5 16. Kg2 g4 17. Nh2 Qh4 18. Rg1 Nd4 19. Nd5 Nf3 20. Qxf3 gxf3+ 21. Kh1 Kf7
22. Bc3 Rg8 23. Raf1 Bf6 24. Be1 Qh3 0-1